Отчет частного пенсионного учреждения чиновников Дирекции императорских санкт-петербургских театров за 1912 год

Доступно только в Электронных читальных залах Найти на картеНа карте
RUSMARC
00003782nmc2a22002413x 450
001089d0e02-d2bc-42b7-9621-5eb2f646c3ae
00520211025232040.0
100##$a20210303l19121913k l0rusy0189 ca
1010#$arus
102##$aRU
105##$ay###
1222#$ad
2001#$aОтчет частного пенсионного учреждения чиновников Дирекции императорских санкт-петербургских театров за 1912 год
$j26 апреля 1912 г. - 16 мая 1913 г.
215##$a58 л.
$d36,5х26 см
251##$cДело
300##$aПо Санкт-Петербургской конторе Дирекции императорских театров
371##$aДокумент не является опубликованным и широко распространяемым
461#0$10019264ebf8-de62-4f1a-9eb4-9f22098dbbd5
$12001
$aДирекция императорских театров МИДв
$1251
$cФонд
$1852
$j497
462#0$1001ff15f5e8-b5fa-4fe1-bbcd-275cd0305ec2
$12001
$aДела Санкт-Петербургской конторы Дирекции императорских театров и дела Московской конторы Дирекции императорских театров
$1251
$cОпись
$1852
$j10
801#0$aRU
$bРГИА
$c20210303
$gRCR
801#1$aRU
$bГлавНИВЦ
$c20210303
$2rusmarc
801#2$aRU
$bПБ им. Б.Н. Ельцина
$c20211025
$gRCR
$2rusmarc
850##$aРГИА
852##$aРГИА
$eФедеральное казенное учреждение "Российский государственный исторический архив" (РГИА)
$j1202
937##$hРГИА
$d12360801
$aASBIBLIO_SCAN
035##$aRusGRCC00030777
856##$uhttp://readingroom.main.prlib.ru/item.aspx?id_node=n169977330&mode=full
Формат отображения